000 01196naa a22002897a 4500
001 BR6800421
003 BR-BrBNA
005 20240918173333.0
007 ta
008 230509b bl.||||| |||| 00| 0 por d
040 _aBR-BrBNA
_bpor
_cBiblioteca Nacional de Agricultura
041 _a(Pt)
072 _aL73
_b5212
_b4150
_bG514
090 _aL73 BR6800421
100 1 _aAnon.
111 1 _a11. Congresso Brasileiro de Veterinaria; 1. Congresso Fluminense de Medicina Veterinaria
_cNiteroi, RJ (Brazil)
_d9 Dec 1968
245 1 _aImplantacao da campanha contra a febre aftosa no Territorio Federal de Roraima [Brasil]
260 3 _aRio de Janeiro, GB (Brasil):
_c1968.
500 _aAnais do 11. Congresso Brasileiro de Veterinaria e do 1. Congresso Fluminense de Medicina Veterinaria Rio de Janeiro, GB (Brasil): 1968. p. 285-289 (BR6800421-AM)L73
650 _aBOVINO
650 _aAFTOSA
650 _aVACINA
650 _aRORAIMA
773 0 _tAnais do 11. Congresso Brasileiro de Veterinaria e do 1. Congresso Fluminense de Medicina Veterinaria
_b
_wL73 BR6800421
_gRio de Janeiro, GB (Brasil), 1968. p. 285-289
909 _a202404
_bLucia
_c55
_dLucia Elande
942 _cAM
_2AGRIS
999 _c304037
_d304037